| 000 | 00637nam a2200217#a 4500 | ||
|---|---|---|---|
| 001 | 02261 | ||
| 003 | HDC | ||
| 007 | ta | ||
| 008 | 230623s2007 xx 000 0 eng d | ||
| 040 | _aHDC | ||
| 050 |
_akasehdia BP184.98 _b .K37 2007 |
||
| 110 | _aKasehdia. | ||
| 245 | 0 |
_aWorld Halal Forum : _bthe executive review 2007, the premier global halal industry event, Kuala Lumpur, 7-8 May 2007 / _cKasehdia. |
|
| 264 |
_aKuala Lumpur : _bKasehdia, _c2007. |
||
| 300 |
_a97p. : _b ill. ; _c 29cm. |
||
| 650 |
_aHalal industry _zMalaysia _vCongress. |
||
| 942 | _2lcc | ||
| 942 | _cBK | ||
| 942 | _kkasehdia BP184.98 | ||
| 942 | _m .K37 2007 | ||
| 999 |
_c23820 _d23820 |
||